U-Bahn-Stationen Hamburgs-Sudden Death - Statistiken

Allgemein
  • Dieses Quiz wurde 81 mal gespielt
  • Das Durchschnittsergebnis liegt bei 6 aus 11
Answers on the Grid
Answers color-coded by a green-red scale on the quiz's grid according to % correct below.
Elbphilharmonie
Baumwall
Lutterothstraße
Buchenweg
Kieler Straße
Dammtor
Richtweg
Königstraße
Hoheluftbrücke
Osterstraße
Sengelmannstraße
Tiefstack
Lohmühlenstraße
Blankenese
Billstedt
Schlump
Wandsbeker Chaussee
Neugraben
Elbbrücken
 
Antwortstatistiken
Antwort % Korrekt
Billstedt
69%
Schlump
65%
Baumwall
61%
Hoheluftbrücke
59%
Sengelmannstraße
53%
Elbbrücken
51%
Wandsbeker Chaussee
51%
Lohmühlenstraße
49%
Osterstraße
49%
Lutterothstraße
45%
Richtweg
33%
Keine übereinstimmenden Quizze gefunden
Verteilung der Resultate
Anzahl Personen mit jedem Resultat
Perzentil nach korrekt beantworteten Fragen
Ihre Resultats-Entwicklung
Sie haben dieses Quiz noch nicht gespielt